Guess the 1960s song lyrics #344 - Statistics

General Stats
  • This quiz has been taken 9 times
  • The average score is 203 of 284
Answer Stats
Answer % Correct
a
100%
an
100%
be
100%
for
100%
For
100%
I
100%
love
100%
me
100%
of
100%
So
100%
the
100%
The
100%
to
100%
all
86%
All
86%
and
86%
find
86%
got
86%
had
86%
have
86%
I'll
86%
is
86%
I've
86%
know
86%
mind
86%
no
86%
No
86%
now
86%
Now
86%
some
86%
that's
86%
they
86%
this
86%
What
86%
what
86%
Who
86%
who
86%
As
71%
becomes
71%
broken
71%
Broken
71%
can't
71%
come
71%
Come
71%
departed
71%
dreams
71%
Every
71%
hearted
71%
I'm
71%
in
71%
just
71%
Just
71%
kind
71%
many
71%
peace
71%
alone
57%
Always
57%
around
57%
But
57%
care
57%
cares
57%
day
57%
don't
57%
Don't
57%
down
57%
going
57%
happiness
57%
Help
57%
illusion
57%
much
57%
need
57%
nowhere
57%
really
57%
searching
57%
Searching
57%
someone
57%
things
57%
walk
57%
way
57%
confusion
43%
ending
43%
everywhere
43%
Hoping
43%
Jimmy Ruffin
43%
land
43%
left
43%
little
43%
longer
43%
lost
43%
Maybe
43%
pain
43%
sight
43%
stand
43%
there's
43%
tumblin
43%
unhappy
43%
visions
43%
with
43%
Cold
29%
comfort
29%
Filled
29%
grow
29%
growing
29%
heartaches
29%
light
29%
moving
29%
place
29%
praying
29%
roots
29%
sadness
29%
shadows
29%
stronger
29%
succeed
29%
though
29%
beginning
14%
gonna
14%
lookin
14%
someone's
14%
stop
14%
everyday
0%
looking
0%
Nothing's
0%
somehow
0%
Such
0%
No matching quizzes found
Score Distribution
Percent of People with Each Score
Percentile by Number Answered
Your Score History
You have not taken this quiz